| 000 | 00727cam a22002531 4500 | ||
|---|---|---|---|
| 999 |
_c17655 _d17655 |
||
| 001 | 6545042 | ||
| 003 | ASL | ||
| 005 | 20231015025622.0 | ||
| 008 | 170705s1959 bg b 000 0 eng | | ||
| 010 | _a 59005815 | ||
| 035 | _a(OCoLC)765713 | ||
| 040 |
_aDLC _cASL _dASL |
||
| 042 | _apremarc | ||
| 050 | 0 | 0 |
_aBV3269.N6 _bC7 1959 |
| 082 |
_a266.0092 _bCRP |
||
| 100 | 1 |
_aCronin, Vincent. _9512 |
|
| 245 | 1 | 2 |
_aA Pearl to India; _bThe Life of Roberto de Nobili. |
| 260 |
_aNew York: _bDutton, _c1959. |
||
| 300 |
_a297 p. _billus. _c21 cm. |
||
| 600 | 1 | 0 |
_aNobili, Roberto de', _d1577-1656. _9513 |
| 650 |
_aRoberto de Nobili _xReligion _zIndia _9514 |
||
| 906 |
_a7 _bcbc _coclcrpl _du _encip _f19 _gy-gencatlg |
||
| 942 |
_2ddc _cBK |
||